Ranking FIFA - TOP 25 - Statystyki

Ogólne statystyki
  • Ten quiz został rozwiązany 997 razy
  • Średni wynik to 19 z 25
Statystyki odpowiedzi
Miejsce Kraj Federacja Punkty % Poprawnych
1 Argentyna CONMEBOL 1860
98%
2 Francja UEFA 1837
98%
4 Brazylia CONMEBOL 1792
97%
8 Hiszpania UEFA 1730
97%
6 Portugalia UEFA 1747
92%
5 Anglia UEFA 1788
91%
16 Niemcy UEFA 1647
91%
10 Włochy UEFA 1724
88%
3 Belgia UEFA 1798
85%
7 Holandia UEFA 1747
84%
11 Stany Zjednoczone CONCACAF 1677
77%
9 Chorwacja UEFA 1728
76%
14 Urugwaj CONMEBOL 1663
74%
12 Kolumbia CONMEBOL 1669
73%
15 Meksyk CONCACAF 1652
70%
17 Japonia AFC 1629
68%
19 Szwajcaria UEFA 1617
67%
12 Maroko CAF 1669
66%
21 Dania UEFA 1611
60%
24 Ukraina UEFA 1565
60%
25 Austria UEFA 1560
58%
18 Senegal CAF 1623
58%
22 Korea Południowa AFC 1573
53%
23 Australia AFC 1571
45%
20 Iran AFC 1611
32%
Nie znaleziono quizów pasujących do podanych kryteriów
Rozkład punktacji
Procent ludzi z każdym wynikiem
Percentyl według liczby udzielonych odpowiedzi
Twoja historia wyników
Nie rozwiązałeś tego quizu